| 000 | 00733nam a22001817a 4500 | ||
|---|---|---|---|
| 008 | 120828t xxu||||| |||| 00| 0 eng d | ||
| 020 | _a0619017325 | ||
| 050 | _aQA76.P25 | ||
| 100 | _aParsons, June Jamrich. | ||
| 245 |
_aComputer concepts. / _c June Jamrich Parsons |
||
| 250 | _a3rd. | ||
| 260 |
_aAustralia: _bThomson, _c2000. |
||
| 300 |
_axvi + various pagings; _bill.; _c26cm. |
||
| 500 | _aIncludes index. | ||
| 505 | _aContents: Computers: essential concepts -- Software and multimedia -- Productivity software -- Computer files and data storage -- Computer architecture -- Computer networks and e- mail -- The Internet -- Data security and control -- A Buyer's guide. | ||
| 650 | _aComputer concepts. | ||
| 942 |
_2lcc _cBK |
||
| 999 |
_c2197 _d9697 |
||